| 000 | 00000nam##2200000za#4500 |
| 001 | 9.571120 |
| 003 | CaOODSP |
| 005 | 20210624182553 |
| 007 | cr ||||||||||| |
| 008 | 150406|2008||||xxc|||||o f|0| 0 eng|d |
| 022 | |a1919-3769 |
| 040 | |aCaOODSP|beng |
| 043 | |an-cn--- |
| 086 | 1 |aFs70-7/2008-010E-PDF |
| 110 | 1 |aCanada. |bDepartment of Fisheries and Oceans. |bCentral and Arctic Region. |
| 245 | 10|aGreenland halibut exploratory fishery development in high Arctic communities (Jones Sound, Arctic Bay and Resolute) - emerging fishery phase 1 |h[electronic resource] |
| 246 | 1 |aScience response : high Arctic emerging turbot fishery |
| 260 | |aOttawa - Ontario : |bFisheries and Oceans Canada. |cAugust 2008. |
| 300 | |a3p.|breferences |
| 490 | 1 |aCanadian Science Advisory Secretariat - science response |x1919-3769|v2008/010, Central and Arctic Region |
| 590 | |a11-28-Supp|b2011-11-17 |
| 775 | 08|tPêche exploratoire au flétan noir dans des collectivités de l'extrême-Arctique (détroit de Jones, Arctic Bay et Resolute) - nouvelles pêches, phase I |w(CaOODSP)9.601759 |
| 830 | #0|aScience response (Canadian Science Advisory Secretariat)|x1919-3769|v2008/010, Central and Arctic Region|w(CaOODSP)9.506232 |
| 856 | 40|ahttp://publications.gc.ca|qPDF|s33 KB|uhttps://publications.gc.ca/collections/collection_2011/mpo-dfo/Fs70-7-2008-010-eng.pdf|y2008/010, Central and Arctic Region |